[Event "69.ITA Provinciale VE"]
[Site "Mestre Capablanca ITA"]
[Date "2009.01.31"]
[Round "3.5"]
[White "Bastianello, Federico"]
[Black "Bortolussi, Andrea"]
[Result "0-1"]
[WhiteElo "1666"]
[BlackElo "1855"]
[Annotator "Gabriele Ballarin"]
[PlyCount "98"]
[EventDate "2009.01.30"]
[EventType "swiss"]
[EventRounds "5"]
[EventCountry "ITA"]

1. b4 Nf6 2. Bb2 e6 3. a3 c5 4. bxc5 Bxc5 5. e3 d5 6. d4 Bd6 7. Nf3 O-O 8. Bd3 Nbd7 9. Nbd2 Rb8 10. c4 dxc4 11. Nxc4 Bc7 12. O-O a6 13. a4 Nb6 14. Nxb6 Bxb6 15. Qe2 Bc7 16. Rfc1 Bd7 17. Bc3 Bc6 18. Rcb1 Qd5 19. Bc4 Qh5 20. h3 Rfc8 21. Nd2 Qxe2 22. Bxe2 Ne4 23. Nxe4 Bxe4 24. Rc1 Bd6 25. Bb2 Bb4 26. Bd1 Kf8 27. Rxc8+ Rxc8 28. Rc1 Rxc1 29. Bxc1 Ke7 30. f3 Bc6 31. Kf2 Kd7 32. Ke2 Kc7 33. Kd3 Kb6 34. e4 Ka5 35. Bf4 Bxa4 36. Bc7+ Kb5 37. Bxa4+ Kxa4 38. d5 exd5 39. exd5 Kb5 40. Kd4 f6 41. Ke4 g6 42. Bd8 Bc3 43. Be7 a5 44. f4 f5+ 45. Kd3 Bb4 46. Bxb4 axb4 47. d6 Kc6 48. Kc4 Kxd6 49. Kxb4 Kd5 0-1

[Event "69.ITA Provinciale VE"]
[Site "Mestre Capablanca ITA"]
[Date "2009.01.31"]
[Round "3.6"]
[White "Belloni, Umberto"]
[Black "Bordin, Renato"]
[Result "0-1"]
[WhiteElo "1879"]
[BlackElo "1530"]
[Annotator "Gabriele Ballarin"]
[PlyCount "84"]
[EventDate "2009.01.30"]
[EventType "swiss"]
[EventRounds "5"]
[EventCountry "ITA"]

1. e4 e6 2. d4 d5 3. exd5 exd5 4. Bd3 Nf6 5. Bg5 Be7 6. c3 O-O 7. Qc2 Re8 8. Ne2 Ne4 9. Bxe4 dxe4 10. Be3 Bg5 11. Nf4 Qd6 12. g3 Bg4 13. Nd2 Qc6 14. h3 Bxf4 15. gxf4 Bh5 16. Rg1 Qe6 17. Rg3 Nc6 18. Qb3 Qc8 19. Qb5 Bg6 20. h4 a6 21. Qe2 h6 22. O-O-O Qf5 23. Rdg1 Ne7 24. c4 Kh8 25. Nb3 Rg8 26. d5 Bh5 27. Qd2 Rad8 28. Bd4 Ng6 29. Qc3 f6 30. Rxg6 Bxg6 31. Qg3 Bh7 32. Be3 Qd7 33. Nd4 Qa4 34. Ne2 Qxc4+ 35. Nc3 Rxd5 36. Kb1 Rdd8 37. Qg4 b5 38. Rc1 b4 39. Nd1 Qd3+ 40. Ka1 Qf1 41. b3 f5 42. Qh5 Bg6 0-1

[Event "69.ITA Provinciale VE"]
[Site "Mestre Capablanca ITA"]
[Date "2009.01.31"]
[Round "3.7"]
[White "Zangrando, Gianpietro"]
[Black "Pasqualetto, Lorenzo"]
[Result "1-0"]
[WhiteElo "1829"]
[BlackElo "1440"]
[Annotator "Gabriele Ballarin"]
[PlyCount "77"]
[EventDate "2009.01.30"]
[EventType "swiss"]
[EventRounds "5"]
[EventCountry "ITA"]

1. d4 d5 2. Nf3 Nf6 3. e3 e6 4. Bd3 c5 5. b3 Nc6 6. Bb2 Bd6 7. O-O O-O 8. Nbd2 cxd4 9. exd4 Qc7 10. a3 Bd7 11. Re1 Rfe8 12. Ne5 a6 13. Ndf3 h6 14. h3 b5 15. Nh2 Qa7 16. Nhg4 Nxg4 17. Qxg4 Nxe5 18. dxe5 Bc5 19. Qg3 Rac8 20. Rad1 Bc6 21. Bc1 Kf8 22. b4 Bb6 23. Qh4 Qe7 24. Qh5 Red8 25. g4 f6 26. Qg6 Qf7 27. exf6 Qxf6 28. Qxf6+ gxf6 29. Rxe6 Kf7 30. Rde1 Re8 31. Rxe8 Rxe8 32. Rxe8 Kxe8 33. Bxh6 Ke7 34. Be3 Bc7 35. Bc5+ Ke6 36. Kg2 d4+ 37. f3 Ke5 38. Kg3 Ke6+ 39. f4 1-0

[Event "69.ITA Provinciale VE"]
[Site "Mestre Capablanca ITA"]
[Date "2009.01.31"]
[Round "3.8"]
[White "Bastianello, Tito"]
[Black "Ballarin, Gabriele"]
[Result "1-0"]
[WhiteElo "1566"]
[BlackElo "1761"]
[Annotator "Gabriele Ballarin"]
[PlyCount "101"]
[EventDate "2009.01.30"]
[EventType "swiss"]
[EventRounds "5"]
[EventCountry "ITA"]

1. e4 c5 2. c3 e6 3. d4 cxd4 4. cxd4 d5 5. e5 Nc6 6. Nf3 Qb6 7. Nc3 Nge7 8. Bd3 Bd7 9. Bc2 Rc8 10. O-O Nb4 11. Bb1 Bb5 12. Re1 Ng6 13. a3 Nc6 14. Nxb5 Qxb5 15. b4 Be7 16. Ng5 Qc4 17. Nf3 Nd8 18. Bd3 Qc7 19. Qa4+ Kf8 20. Bxg6 hxg6 21. Qxa7 f6 22. Bd2 g5 23. b5 g4 24. Rec1 Qd7 25. Rxc8 Qxc8 26. Ne1 fxe5 27. dxe5 g3 28. hxg3 Qc7 29. Qd4 Qd7 30. a4 Qe8 31. Qg4 Kg8 32. Nf3 Bc5 33. Rb1 Qd7 34. Bb4 Bb6 35. a5 Bc7 36. b6 Bb8 37. Qg5 Nc6 38. Qf4 Qf7 39. Qxf7+ Kxf7 40. Ng5+ Kg6 41. Nxe6 Bxe5 42. Nf4+ Bxf4 43. gxf4 Kf5 44. Bd2 d4 45. f3 Rd8 46. Rc1 Rd6 47. Kf2 g6 48. a6 bxa6 49. b7 Rd7 50. Rxc6 Rxb7 51. g4# 1-0

[Event "69.ITA Provinciale VE"]
[Site "Mestre Capablanca ITA"]
[Date "2009.01.31"]
[Round "3.9"]
[White "Zamengo, Fulvio"]
[Black "Bellon, Antonio"]
[Result "1-0"]
[WhiteElo "1659"]
[BlackElo "1398"]
[Annotator "Gabriele Ballarin"]
[PlyCount "53"]
[EventDate "2009.01.30"]
[EventType "swiss"]
[EventRounds "5"]
[EventCountry "ITA"]

1. e4 e5 2. Nf3 Nc6 3. Bb5 a6 4. Ba4 Nf6 5. O-O Bc5 6. Bxc6 bxc6 7. Nxe5 d6 8. Nf3 Nxe4 9. d4 Bb6 10. Re1 d5 11. Nc3 Bf5 12. Ng5 Qe7 13. f3 h6 14. fxe4 O-O 15. exf5 Qf6 16. Nf3 Rfe8 17. Rxe8+ Rxe8 18. Bf4 Qxf5 19. Bg3 Re7 20. Qd2 Rd7 21. Re1 c5 22. Ne2 cxd4 23. Nexd4 Qf6 24. Qd3 g6 25. Re8+ Kh7 26. Be5 Qxe5 27. Rxe5 1-0

[Event "69.ITA Provinciale VE"]
[Site "Mestre Capablanca ITA"]
[Date "2009.01.31"]
[Round "3.10"]
[White "Niespoli, Carlo"]
[Black "Pomponio, Stefano"]
[Result "1-0"]
[WhiteElo "1600"]
[BlackElo "1365"]
[Annotator "Gabriele Ballarin"]
[PlyCount "69"]
[EventDate "2009.01.30"]
[EventType "swiss"]
[EventRounds "5"]
[EventCountry "ITA"]

1. e4 d5 2. exd5 Qxd5 3. Nf3 Bg4 4. Nc3 Qa5 5. d4 c6 6. Be2 Nd7 7. O-O e6 8. Bd2 Qc7 9. Ne5 Nxe5 10. dxe5 Bf5 11. Nb5 Qxe5 12. Bc3 Qb8 13. Kh1 a6 14. Nd4 Be4 15. f4 Bd6 16. Nxe6 f6 17. Nxg7+ Kf7 18. Nh5 Qc7 19. Bc4+ Ke7 20. Qe2 Kd7 21. Qxe4 Re8 22. Qf5+ Kd8 23. Bxf6+ Nxf6 24. Qxf6+ Re7 25. Qxh8+ Re8 26. Qf6+ Be7 27. Rad1+ Kc8 28. Qe6+ Kb8 29. Rd7 Qb6 30. Rxe7 Rd8 31. Re8 Rxe8 32. Qxe8+ Ka7 33. Qe5 Qd8 34. Qe3+ b6 35. Re1 1-0

[Event "69.ITA Provinciale VE"]
[Site "Mestre Capablanca ITA"]
[Date "2009.01.31"]
[Round "3.11"]
[White "Biagioli, Valerio"]
[Black "Bortolussi, Francesco"]
[Result "1-0"]
[WhiteElo "1913"]
[BlackElo "1476"]
[Annotator "Gabriele Ballarin"]
[PlyCount "59"]
[EventDate "2009.01.30"]
[EventType "swiss"]
[EventRounds "5"]
[EventCountry "ITA"]

1. d4 Nf6 2. c4 g6 3. Nc3 Bg7 4. e4 d6 5. Bd3 O-O 6. Nge2 Nbd7 7. O-O e5 8. d5 Nc5 9. Bc2 Nh5 10. Be3 Na6 11. Qd2 f5 12. f4 exf4 13. Nxf4 Nxf4 14. Bxf4 Nc5 15. Bg5 Bf6 16. Bxf6 Rxf6 17. exf5 Bxf5 18. Bxf5 Rxf5 19. Rxf5 gxf5 20. Rf1 Qf6 21. b4 Nd7 22. Ne4 Qg6 23. Rf3 fxe4 24. Rg3 Qxg3 25. hxg3 Re8 26. Qg5+ Kh8 27. Kf1 e3 28. Ke2 Ne5 29. c5 Nf7 30. Qf5 1-0

[Event "69.ITA Provinciale VE"]
[Site "Mestre Capablanca ITA"]
[Date "2009.01.31"]
[Round "3.12"]
[White "Civitareale, Alberto"]
[Black "You Yi Ning, Francesca"]
[Result "0-1"]
[WhiteElo "1658"]
[BlackElo "1434"]
[Annotator "Gabriele Ballarin"]
[PlyCount "158"]
[EventDate "2009.01.30"]
[EventType "swiss"]
[EventRounds "5"]
[EventCountry "ITA"]

1. e4 e5 2. Nf3 Nc6 3. d4 exd4 4. c3 dxc3 5. Nxc3 Nf6 6. Bc4 Bd6 7. O-O O-O 8. Re1 Ne5 9. Bb3 b6 10. Bg5 h6 11. Bh4 Bb7 12. Nd4 c5 13. Nf5 Be7 14. Nxe7+ Qxe7 15. Bd5 Bc6 16. f4 Ng6 17. Bg3 c4 18. Bxc6 Qc5+ 19. Kh1 Qxc6 20. f5 Ne7 21. Bd6 Rfe8 22. Qd2 Nc8 23. e5 Nxd6 24. exd6 Ne4 25. Nxe4 Rxe4 26. Rxe4 Qxe4 27. f6 Re8 28. h3 g5 29. Rd1 Qe5 30. Rf1 Re6 31. h4 Rxd6 32. Qf2 a5 33. a3 b5 34. Qf3 gxh4 35. Qa8+ Kh7 36. Qxa5 Rxf6 37. Rxf6 Qxf6 38. Qxb5 Kg6 39. a4 Qe6 40. a5 Qe4 41. Qb6+ Kh5 42. Qc5+ Kg4 43. Qf2 Kg5 44. a6 Qa8 45. Qb6 h3 46. Qb7 hxg2+ 47. Kxg2 Qe8 48. Qf3 Qb8 49. Qb7 Qe8 50. Qd5+ Kh4 51. Qxc4+ Kg5 52. a7 Qa8+ 53. Kf2 Qxa7+ 54. Ke2 f5 55. Qg8+ Kf4 56. Qc4+ Ke5 57. Qb5+ d5 58. Qe8+ Kf6 59. Qc6+ Kg5 60. Qxd5 Qa6+ 61. Kd2 h5 62. Qg8+ Qg6 63. Qb8 f4 64. Qe5+ Qf5 65. Qg7+ Kh4 66. Qe7+ Qg5 67. Qe1+ Qg3 68. Qh1+ Kg4 69. Qd1+ f3 70. Qb3 f2 71. Qg8+ Kf3 72. Qd5+ Kg4 73. Qg8+ Kh3 74. Qe6+ Kg2 75. Qc6+ Kg1 76. Qc5 h4 77. b4 h3 78. b5 h2 79. b6 h1=Q 0-1

[Event "69.ITA Provinciale VE"]
[Site "Mestre Capablanca ITA"]
[Date "2009.01.31"]
[Round "3.13"]
[White "Urbinati, Niccolò"]
[Black "Loris, Stefano"]
[Result "1-0"]
[WhiteElo "1569"]
[BlackElo "1416"]
[Annotator "Gabriele Ballarin"]
[PlyCount "47"]
[EventDate "2009.01.30"]
[EventType "swiss"]
[EventRounds "5"]
[EventCountry "ITA"]

1. e4 d6 2. d4 Nf6 3. Nc3 g6 4. f4 e6 5. Be3 Bg7 6. Be2 O-O 7. Qd2 d5 8. e5 Nfd7 9. O-O-O a6 10. h4 Nc6 11. g4 Nb6 12. h5 Re8 13. Nf3 Bf8 14. hxg6 fxg6 15. Bd3 Re7 16. f5 Qe8 17. f6 Nb4 18. fxe7 Nxd3+ 19. Qxd3 Qxe7 20. Bg5 Qb4 21. a3 Qa5 22. Bf6 Nc4 23. Rxh7 Bxa3 24. Qxg6+ 1-0

[Event "69.ITA Provinciale VE"]
[Site "Mestre Capablanca ITA"]
[Date "2009.02.01"]
[Round "4.1"]
[White "Boscolo, Marco"]
[Black "Zamengo, Bruno"]
[Result "1-0"]
[WhiteElo "2129"]
[BlackElo "1877"]
[Annotator "Gabriele Ballarin"]
[PlyCount "121"]
[EventDate "2009.01.30"]
[EventType "swiss"]
[EventRounds "5"]
[EventCountry "ITA"]

1. e4 e6 2. d4 d5 3. Nd2 Nf6 4. e5 Nfd7 5. Bd3 c5 6. c3 cxd4 7. cxd4 Be7 8. Ne2 O-O 9. O-O Nc6 10. Nf3 Re8 11. Bd2 f6 12. exf6 Bxf6 13. Qc2 h6 14. Bg6 Re7 15. Bh7+ Kh8 16. Bc3 e5 17. dxe5 Ncxe5 18. Nfd4 Nf8 19. Bf5 Bxf5 20. Qxf5 Qd7 21. Rad1 Rd8 22. Qxd7 Rexd7 23. Rfe1 Kg8 24. Nf4 Neg6 25. Nd3 Re7 26. Rxe7 Nxe7 27. Nc5 b6 28. Nce6 Rd6 29. Nxf8 Kxf8 30. Nb5 Rd7 31. Bxf6 gxf6 32. Kf1 Kf7 33. Nd4 Ng6 34. Nf5 Ne5 35. h3 h5 36. b3 Nc6 37. Nd4 Nxd4 38. Rxd4 Ke6 39. Ke2 Rc7 40. Kd2 Rg7 41. g3 Kd6 42. Rh4 Rg5 43. Ra4 a5 44. Rf4 Rg6 45. Rf5 Rh6 46. Kd3 Ke6 47. Rf3 f5 48. Rf4 Ke5 49. Rh4 Rc6 50. Rxh5 Rc1 51. g4 Ra1 52. Rxf5+ Ke6 53. a4 Rb1 54. Kc2 Rh1 55. Rf3 Rh2 56. Kd3 Ke5 57. g5 Rg2 58. Rg3 Rxf2 59. g6 Rf8 60. g7 Rg8 61. h4 1-0

[Event "69.ITA Provinciale VE"]
[Site "Mestre Capablanca ITA"]
[Date "2009.02.01"]
[Round "4.2"]
[White "Bortolussi, Andrea"]
[Black "Litrico, Paolo"]
[Result "0-1"]
[WhiteElo "1855"]
[BlackElo "1885"]
[Annotator "Gabriele Ballarin"]
[PlyCount "68"]
[EventDate "2009.01.30"]
[EventType "swiss"]
[EventRounds "5"]
[EventCountry "ITA"]

1. e4 e5 2. Nf3 Nc6 3. Bb5 a6 4. Bxc6 dxc6 5. d4 exd4 6. Qxd4 Qxd4 7. Nxd4 Bd7 8. Bg5 f6 9. Be3 O-O-O 10. Nd2 Ne7 11. O-O-O Ng6 12. f3 Ne5 13. Rhf1 g6 14. f4 Bh6 15. Rde1 Nf7 16. N4f3 Rhe8 17. e5 fxe5 18. fxe5 Bg7 19. Bf4 Be6 20. Re3 Rd5 21. Rfe1 h6 22. h4 Nd8 23. Ne4 Rf8 24. Nf6 Ra5 25. a3 Ra4 26. g3 Bf5 27. Ne4 Bxe4 28. Rxe4 Rxe4 29. Rxe4 Ne6 30. Nd4 Nc5 31. Re2 Rd8 32. Nf3 Ne6 33. Rd2 Rf8 34. Nd4 Nxf4 0-1

[Event "69.ITA Provinciale VE"]
[Site "Mestre Capablanca ITA"]
[Date "2009.02.01"]
[Round "4.3"]
[White "Zamengo, Fulvio"]
[Black "Velluti, Alberto"]
[Result "1-0"]
[WhiteElo "1659"]
[BlackElo "1929"]
[Annotator "Gabriele Ballarin"]
[PlyCount "125"]
[EventDate "2009.01.30"]
[EventType "swiss"]
[EventRounds "5"]
[EventCountry "ITA"]

1. e4 e5 2. Nf3 Nc6 3. Bb5 a6 4. Ba4 Nf6 5. O-O b5 6. Bb3 Be7 7. Re1 O-O 8. c3 d5 9. d3 dxe4 10. dxe4 Qxd1 11. Bxd1 Bc5 12. Be3 Nxe4 13. Bxc5 Nxc5 14. Nxe5 Re8 15. Nf3 Bg4 16. Nbd2 Rad8 17. Bc2 h6 18. h3 Be6 19. Nb3 Nxb3 20. axb3 Bc8 21. Rxe8+ Rxe8 22. Re1 Rxe1+ 23. Nxe1 Be6 24. f3 Na5 25. b4 Nc4 26. Nd3 Bf5 27. Kf2 Nxb2 28. Nxb2 Bxc2 29. Ke3 Kf8 30. Kd4 Ke7 31. c4 Kd6 32. Kc3 Bf5 33. Kd4 g5 34. c5+ Ke6 35. Nd1 c6 36. Nc3 Bc2 37. Ne2 Bb3 38. Nc3 Bc4 39. Nd1 Kf5 40. Ne3+ Kf4 41. Nxc4 bxc4 42. Kxc4 Kg3 43. Kb3 Kxg2 44. Ka4 Kxf3 45. Ka5 g4 46. hxg4 Kxg4 47. Kxa6 f5 48. b5 cxb5 49. c6 f4 50. c7 f3 51. c8=Q+ Kg3 52. Qc1 Kg2 53. Qc6 b4 54. Qg6+ Kf1 55. Kb5 f2 56. Kc4 Ke1 57. Qb1+ Ke2 58. Qd3+ Ke1 59. Qe3+ Kf1 60. Kd3 Kg2 61. Qe4+ Kg1 62. Qg4+ Kf1 63. Ke3 1-0

[Event "69.ITA Provinciale VE"]
[Site "Mestre Capablanca ITA"]
[Date "2009.02.01"]
[Round "4.4"]
[White "Chiesa, Roberto"]
[Black "Bozzao, Francesco"]
[Result "1/2-1/2"]
[WhiteElo "1778"]
[BlackElo "1910"]
[Annotator "Gabriele Ballarin"]
[PlyCount "51"]
[EventDate "2009.01.30"]
[EventType "swiss"]
[EventRounds "5"]
[EventCountry "ITA"]

1. d4 d5 2. c4 e6 3. Nc3 c5 4. cxd5 exd5 5. Nf3 Nc6 6. g3 Nf6 7. Bg2 Be7 8. O-O O-O 9. Bg5 cxd4 10. Nxd4 Bg4 11. Be3 a6 12. Rc1 Rc8 13. Qa4 Ne5 14. Bf4 Rc4 15. Qd1 Ng6 16. Be3 h6 17. Nxd5 Rxc1 18. Nxe7+ Qxe7 19. Qxc1 Rc8 20. Qb1 Ne5 21. h3 Bh5 22. Rc1 Rxc1+ 23. Qxc1 b5 24. Nc6 Nxc6 25. Qxc6 Bxe2 26. Qxa6 1/2-1/2

[Event "69.ITA Provinciale VE"]
[Site "Mestre Capablanca ITA"]
[Date "2009.02.01"]
[Round "4.5"]
[White "Bordin, Renato"]
[Black "Zangrando, Gianpietro"]
[Result "0-1"]
[WhiteElo "1530"]
[BlackElo "1829"]
[Annotator "Gabriele Ballarin"]
[PlyCount "66"]
[EventDate "2009.01.30"]
[EventType "swiss"]
[EventRounds "5"]
[EventCountry "ITA"]

1. d4 d5 2. c4 e6 3. Nf3 Nf6 4. Bg5 c6 5. c5 Be7 6. e3 Ne4 7. Bf4 Nd7 8. Bd3 O-O 9. O-O f6 10. Bxe4 dxe4 11. Nfd2 e5 12. Bg3 f5 13. dxe5 Nxc5 14. Qc2 Qd3 15. Qxd3 Nxd3 16. b3 b5 17. Nc3 Bb4 18. Ndb1 Be6 19. Ne2 c5 20. Nbc3 a6 21. f3 exf3 22. gxf3 Rad8 23. e4 f4 24. Bh4 Rd7 25. Kh1 Nxe5 26. Rad1 Rxd1 27. Rxd1 Nxf3 28. Rd6 Nxh4 29. Rxe6 f3 30. Ng3 Bxc3 31. Rxa6 f2 32. Nf1 Rd8 33. Ne3 Rd1+ 0-1

[Event "69.ITA Provinciale VE"]
[Site "Mestre Capablanca ITA"]
[Date "2009.02.01"]
[Round "4.6"]
[White "Franceschini, Corrado"]
[Black "Bastianello, Tito"]
[Result "1-0"]
[WhiteElo "1765"]
[BlackElo "1566"]
[Annotator "Gabriele Ballarin"]
[PlyCount "41"]
[EventDate "2009.01.30"]
[EventType "swiss"]
[EventRounds "5"]
[EventCountry "ITA"]

1. e4 d6 2. d4 Nf6 3. Nc3 g6 4. Nf3 Bg7 5. Bg5 O-O 6. Bd3 c6 7. Qd2 Nbd7 8. Bh6 Bxh6 9. Qxh6 e5 10. dxe5 Nxe5 11. Nxe5 dxe5 12. O-O-O Ng4 13. Qd2 Qe7 14. f3 Nf6 15. g4 Be6 16. h4 Rad8 17. h5 Kh8 18. hxg6 fxg6 19. Qg5 Bf7 20. Rh2 Rg8 21. Rxh7+ 1-0

[Event "69.ITA Provinciale VE"]
[Site "Mestre Capablanca ITA"]
[Date "2009.02.01"]
[Round "4.7"]
[White "Bastianello, Federico"]
[Black "Cedriano, Filippo"]
[Result "0-1"]
[WhiteElo "1666"]
[BlackElo "2025"]
[Annotator "Gabriele Ballarin"]
[PlyCount "66"]
[EventDate "2009.01.30"]
[EventType "swiss"]
[EventRounds "5"]
[EventCountry "ITA"]

1. b4 d6 2. Bb2 e5 3. e3 Be6 4. Nf3 c6 5. c4 Nf6 6. Nc3 h6 7. Qc2 Nbd7 8. d4 Qc7 9. Bd3 Rc8 10. a3 d5 11. cxd5 cxd5 12. Nxe5 Nxe5 13. dxe5 Qxe5 14. Qd2 Be7 15. Bb5+ Kf8 16. Be2 g5 17. h3 Rg8 18. Nb5 Qb8 19. Bd3 Nd7 20. Bh7 Ne5 21. Bxg8 Kxg8 22. O-O Bf6 23. Nd4 Nc4 24. Qe2 Nxb2 25. Qxb2 g4 26. h4 Qe5 27. Qe2 Qe4 28. Rac1 Rxc1 29. Rxc1 Bxd4 30. Qf1 Bb6 31. g3 d4 32. Qb5 dxe3 33. Qe8+ Kg7 0-1

[Event "69.ITA Provinciale VE"]
[Site "Mestre Capablanca ITA"]
[Date "2009.02.01"]
[Round "4.8"]
[White "Biagioli, Valerio"]
[Black "Niespoli, Carlo"]
[Result "1-0"]
[WhiteElo "1913"]
[BlackElo "1600"]
[Annotator "Gabriele Ballarin"]
[PlyCount "95"]
[EventDate "2009.01.30"]
[EventType "swiss"]
[EventRounds "5"]
[EventCountry "ITA"]

1. d4 d5 2. c4 e6 3. Nc3 c6 4. c5 Nf6 5. Bf4 Nbd7 6. e3 Be7 7. Bd3 O-O 8. h3 b6 9. b4 a5 10. a3 axb4 11. axb4 Rxa1 12. Qxa1 bxc5 13. bxc5 Bb7 14. Nf3 Qa8 15. O-O e5 16. Nxe5 Nxe5 17. Bxe5 Qc8 18. Rb1 Qd7 19. Bxf6 Bxf6 20. Qa7 Bc8 21. Qxd7 Bxd7 22. Na4 Rd8 23. Rb7 Be8 24. Nb6 g6 25. Rc7 Kf8 26. Ba6 Rb8 27. Nd7+ Bxd7 28. Rxd7 Ra8 29. Bb7 Ra7 30. Bxc6 Rxd7 31. Bxd7 Ke7 32. c6 Kd8 33. Kf1 Kc7 34. Ke2 Bd8 35. Kd3 Kd6 36. f3 f6 37. e4 dxe4+ 38. fxe4 Bc7 39. Ke3 Bb8 40. Kf4 Ba7 41. e5+ fxe5+ 42. dxe5+ Ke7 43. e6 Bb8+ 44. Ke4 g5 45. Kf5 h6 46. Kg6 g4 47. Kxh6 gxh3 48. gxh3 1-0

[Event "69.ITA Provinciale VE"]
[Site "Mestre Capablanca ITA"]
[Date "2009.02.01"]
[Round "4.9"]
[White "Pasqualetto, Lorenzo"]
[Black "Renier, Renzo"]
[Result "0-1"]
[WhiteElo "1440"]
[BlackElo "2017"]
[Annotator "Gabriele Ballarin"]
[PlyCount "116"]
[EventDate "2009.01.30"]
[EventType "swiss"]
[EventRounds "5"]
[EventCountry "ITA"]

1. e4 e6 2. d4 d5 3. Nc3 dxe4 4. Nxe4 Nd7 5. Nf3 Ngf6 6. Nxf6+ Nxf6 7. Bd3 c5 8. dxc5 Bxc5 9. Qe2 O-O 10. O-O Qc7 11. Rd1 Bd7 12. b3 Bc6 13. Bb2 Bxf3 14. Qxf3 Be7 15. c4 Rfd8 16. Bc2 Rxd1+ 17. Rxd1 Rd8 18. Rxd8+ Bxd8 19. Qd3 g6 20. Qf3 Qa5 21. Qd3 Bb6 22. Qc3 Qxc3 23. Bxc3 Ng4 24. Be1 Bd4 25. h3 Ne5 26. Bd2 f5 27. Kf1 Kf7 28. Ke2 Kf6 29. h4 Nf7 30. g3 e5 31. f3 Nd6 32. Bg5+ Ke6 33. Bb1 e4 34. Bf4 exf3+ 35. Kxf3 Bc5 36. Bd3 Nf7 37. Be3 Ne5+ 38. Ke2 Bxe3 39. Kxe3 Nxd3 40. Kxd3 Ke5 41. Ke3 h6 42. b4 g5 43. a3 b6 44. b5 Ke6 45. Kd4 Kd6 46. a4 Ke6 47. hxg5 hxg5 48. c5 bxc5+ 49. Kxc5 f4 50. gxf4 g4 51. a5 g3 52. b6 axb6+ 53. axb6 g2 54. b7 g1=Q+ 55. Kc6 Qg8 56. Kc7 Qf7+ 57. Kc8 Qf8+ 58. Kc7 Qd6+ 0-1

[Event "69.ITA Provinciale VE"]
[Site "Mestre Capablanca ITA"]
[Date "2009.02.01"]
[Round "4.10"]
[White "You Yi Ning, Francesca"]
[Black "Belloni, Umberto"]
[Result "0-1"]
[WhiteElo "1434"]
[BlackElo "1879"]
[Annotator "Gabriele Ballarin"]
[PlyCount "66"]
[EventDate "2009.01.30"]
[EventType "swiss"]
[EventRounds "5"]
[EventCountry "ITA"]

1. e4 e6 2. d4 d5 3. exd5 exd5 4. Nc3 c6 5. Nf3 Bg4 6. Be2 Bd6 7. O-O Ne7 8. Re1 Bxf3 9. Bxf3 Qc7 10. g3 Nd7 11. b3 O-O-O 12. Ne2 Nf6 13. Bf4 Ng6 14. Bxd6 Qxd6 15. c4 Kb8 16. Nc3 dxc4 17. bxc4 Qxd4 18. Qb3 Ne5 19. Bg2 Nd3 20. Re2 Ng4 21. Rb1 b6 22. c5 Ngxf2 23. Kf1 Nxc5 24. Qxf7 Rhf8 25. Nb5 cxb5 26. Re7 Rxf7 27. Rxf7 Qc4+ 28. Kxf2 Qxf7+ 29. Ke3 Rd3+ 30. Ke2 Qxa2+ 31. Ke1 Qxb1+ 32. Ke2 Qc2+ 33. Ke1 Rd1# 0-1

[Event "69.ITA Provinciale VE"]
[Site "Mestre Capablanca ITA"]
[Date "2009.02.01"]
[Round "4.11"]
[White "Ballarin, Gabriele"]
[Black "Di Fresco, Michele"]
[Result "1-0"]
[WhiteElo "1761"]
[BlackElo "1407"]
[Annotator "Gabriele Ballarin"]
[PlyCount "85"]
[EventDate "2009.01.30"]
[EventType "swiss"]
[EventRounds "5"]
[EventCountry "ITA"]

1. e4 e6 2. d4 d5 3. Nc3 dxe4 4. Nxe4 Nd7 5. Bd3 Ngf6 6. f3 h6 7. Bf4 Nd5 8. Bg3 N7f6 9. c3 Nh5 10. Bf2 Nhf4 11. Bf1 Be7 12. g3 Nh5 13. Bd3 f5 14. Nd2 c6 15. f4 Nhf6 16. Ngf3 Ng4 17. Qe2 Qb6 18. Nc4 Qc7 19. h3 Nxf2 20. Kxf2 Bd7 21. Nfe5 O-O-O 22. Nf7 Rhf8 23. Nxd8 Qxd8 24. Ne5 Be8 25. Rae1 g5 26. Ng6 Rf6 27. Nxe7+ Qxe7 28. Qe5 gxf4 29. gxf4 Bg6 30. Bc4 b5 31. Bxd5 cxd5 32. Qxd5 exd5 33. Rxe7 a6 34. Rhe1 h5 35. R1e6 Rxe6 36. Rxe6 Bf7 37. Rf6 Be8 38. Rxf5 Bd7 39. Rf8+ Kc7 40. Rf7 Kc6 41. Kg3 Kd6 42. Rf6+ Be6 43. f5 1-0

[Event "69.ITA Provinciale VE"]
[Site "Mestre Capablanca ITA"]
[Date "2009.02.01"]
[Round "4.12"]
[White "Pomponio, Stefano"]
[Black "Urbinati, Niccolò"]
[Result "0-1"]
[WhiteElo "1365"]
[BlackElo "1569"]
[Annotator "Gabriele Ballarin"]
[PlyCount "116"]
[EventDate "2009.01.30"]
[EventType "swiss"]
[EventRounds "5"]
[EventCountry "ITA"]

1. g3 e5 2. Bg2 d5 3. d3 Nf6 4. Nf3 Bd6 5. Nbd2 O-O 6. O-O c6 7. Re1 Re8 8. e4 Bd7 9. exd5 cxd5 10. c4 Nc6 11. cxd5 Nxd5 12. a3 Bg4 13. Qb3 Nb6 14. Nc4 Nxc4 15. Qxc4 Be6 16. Qe4 f6 17. Bd2 Qd7 18. Re2 Bf5 19. Qc4+ Kf8 20. Qc3 Rac8 21. Qb3 Be7 22. Ne1 Nd4 23. Qd1 Nxe2+ 24. Qxe2 Rcd8 25. Be4 Bc5 26. Rc1 Bxe4 27. Qxe4 Qd4 28. Qxd4 Bxd4 29. Bb4+ Kf7 30. Rc7+ Kg6 31. Rxb7 Bxb2 32. Rxa7 Ra8 33. Rxa8 Rxa8 34. Nc2 Rc8 35. Ne3 Bd4 36. Nc4 Bc5 37. Kg2 Bxb4 38. axb4 Rb8 39. f4 exf4 40. gxf4 Rxb4 41. Kf3 Kf5 42. Nd6+ Ke6 43. Nc4 f5 44. Ne5 g5 45. Nc4 h6 46. fxg5 hxg5 47. h3 Kd5 48. Ne3+ Ke5 49. Nc4+ Kd4 50. Ke2 Rxc4 51. dxc4 Kxc4 52. Kf3 Kd5 53. Kg3 Ke4 54. h4 gxh4+ 55. Kxh4 Ke3 56. Kg3 f4+ 57. Kg2 Ke2 58. Kg1 f3 0-1

[Event "69.ITA Provinciale VE"]
[Site "Mestre Capablanca ITA"]
[Date "2009.02.01"]
[Round "4.14"]
[White "Bortolussi, Francesco"]
[Black "Hu, Sofia"]
[Result "1-0"]
[WhiteElo "1476"]
[BlackElo "1383"]
[Annotator "Gabriele Ballarin"]
[PlyCount "59"]
[EventDate "2009.01.30"]
[EventType "swiss"]
[EventRounds "5"]
[EventCountry "ITA"]

1. c4 Nf6 2. Nc3 g6 3. g3 Bg7 4. Bg2 d6 5. d4 c6 6. e3 O-O 7. Nge2 Nbd7 8. O-O Qc7 9. b3 e5 10. Bb2 Re8 11. Qc2 b6 12. Rfd1 exd4 13. Nxd4 Bb7 14. Rac1 Rad8 15. Ba3 Nf8 16. Rd2 Ne6 17. Nde2 Qb8 18. Rcd1 Bf8 19. Rd3 c5 20. Bxb7 Qxb7 21. Bb2 Ng5 22. Nd5 Nxd5 23. Rxd5 Qd7 24. Rxg5 Re6 25. Nf4 Rde8 26. Nxe6 Rxe6 27. Rgd5 Be7 28. Qd2 Bf8 29. Be5 Be7 30. Bxd6 1-0